000 00674nam a2200205 i 4500
001 41386
003 ES-MaACL
005 20231221145740.0
007 t|
008 030310s1875 sp ||||1| spa d
080 _a32(460)"1868/74"(093)
100 1 _aCastelar, Emilio,
_d1832-1899
_936479
245 1 0 _aDiscursos parlamentarios de D. Emilio Castelar en la Asamblea Contituyente.
260 _aMadrid :
_b[s.n.],
_c1875 (
_fJ. Peña)
300 _a3 v. ;
_c18 cm.
651 4 _aEspaña-
_xPolítica y gobierno-
_y1868-1874.
_9174889
710 1 _aEspaña.
_bCortes Constituyentes (1869-1871)
_9172720
852 4 _aES-MaACL
_jF-8868-70
999 _c41386
_d41386